LIBRARY & INFORMATION CENTRE, KCAET, TAVANUR

ONLINE PUBLIC ACCESS CATALOGUE (OPAC)

Introduction to crop husbandary: Including grass land / (Record no. 9421)

MARC details
000 -LEADER
fixed length control field 00479cam a2200181ua 4500
020 ## - INTERNATIONAL STANDARD BOOK NUMBER
ISBN 0 08 029792 7
041 ## - LANGUAGE CODE
Language code of text/sound track or separate title eng
082 ## - DEWEY DECIMAL CLASSIFICATION NUMBER
Classification number 633.08
Item number LOC/IN
100 ## - MAIN ENTRY--AUTHOR NAME
Personal name Lockhart, J A R .
245 ## - TITLE STATEMENT
Title Introduction to crop husbandary: Including grass land /
250 ## - EDITION STATEMENT
Edition statement 5 /
260 ## - PUBLICATION, DISTRIBUTION, ETC. (IMPRINT)
Place of publication Oxford :
Name of publisher Pergamon Press ,
Year of publication 1983.
300 ## - PHYSICAL DESCRIPTION
Number of Pages 256 ; .
700 1# - ADDED ENTRY--PERSONAL NAME
Personal name Wiseman, A J L .
942 ## - ADDED ENTRY ELEMENTS (KOHA)
Koha item type Books
Holdings
Withdrawn status Lost status Damaged status Home library Current library Date acquired Full call number Accession Number Koha item type
      KAUAET KAUAET 27/03/1987 633.08 16272 Books
free website counter